[Event "YUG-Cup 33rd"]
[Site "Pula"]
[Date "1990.05.17"]
[Round "2"]
[White "Heroic, Drazen"]
[Black "Vujosevic, Vladimir"]
[Result "0-1"]
[WhiteElo "2295"]
[BlackElo "2340"]
[PlyCount "88"]
[EventDate "1990.05.16"]
[EventType "team"]
[EventRounds "5"]
[EventCountry "YUG"]
[SourceTitle "TD"]
[Source "ChessBase"]
[SourceDate "1994.03.01"]
[SourceVersion "1"]
[SourceVersionDate "1994.03.01"]
[SourceQuality "1"]
[WhiteTeam "Standard"]
[BlackTeam "Titograd"]
[WhiteTeamCountry "YUG"]
[BlackTeamCountry "YUG"]

1. d4 Nf6 2. Bf4 d5 3. e3 e6 4. Nf3 Be7 5. h3 c5 6. c3 Nc6 7. Nbd2 0-0 8. Bb5 Qb6 9. Bxc6 bxc6 10. Qb3 Qa6 11. c4 cxd4 12. exd4 c5 13. 0-0 cxd4 14. Nxd4 Bd7 15. cxd5 Nxd5 16. Be5 Rfc8 17. Ne4 f6 18. Bg3 Rc4 19. Qd3 Nb4 20. Qd2 Rd8 21. b3 Rcc8 22. a3 Nc2 23. Nxc2 Bb5 24. Nb4 Rxd2 25. Nxa6 Rd4 26. Rfd1 Rxe4 27. Nc7 Be2 28. Rd7 Bc5 29. b4 Bb6 30. Ra2 e5 31. Nd5 Rc1+ 32. Kh2 Bc4 33. Ne7+ Kf8 34. Rad2 Ree1 35. Bh4 g5 36. Nf5 gxh4 37. Nxh4 Re2 38. R2d6 Rxf2 39. Rxh7 Bb5 40. Kg3 Rcc2 41. a4 Bxa4 42. Re6 Bc6 43. Ree7 Rxg2+ 44. Nxg2 Rxg2+ 0-1

[Event "YUG-Cup 33rd"]
[Site "Pula"]
[Date "1990.05.16"]
[Round "1"]
[White "Kosic, Dragan"]
[Black "Heroic, Drazen"]
[Result "1-0"]
[WhiteElo "2415"]
[BlackElo "2295"]
[PlyCount "75"]
[EventDate "1990.05.16"]
[EventType "team"]
[EventRounds "5"]
[EventCountry "YUG"]
[SourceTitle "TD"]
[Source "ChessBase"]
[SourceDate "1994.03.01"]
[SourceVersion "1"]
[SourceVersionDate "1994.03.01"]
[SourceQuality "1"]
[WhiteTeam "NSK"]
[BlackTeam "Standard"]
[WhiteTeamCountry "YUG"]
[BlackTeamCountry "YUG"]

1. Nf3 d5 2. g3 Bf5 3. Bg2 e6 4. 0-0 Nf6 5. d3 Be7 6. c4 c6 7. cxd5 exd5 8. Nd4 Bg6 9. Nc3 Qb6 10. Nb3 0-0 11. e4 dxe4 12. Be3 Bh5 13. Qc1 Qb4 14. dxe4 Nbd7 15. h3 Rfe8 16. Qc2 Bd8 17. a3 Qe7 18. Rae1 Bb6 19. Bxb6 Nxb6 20. f4 h6 21. Qf2 Nfd7 22. e5 f5 23. e6 Nf6 24. Qc5 Rad8 25. Qxf5 Rf8 26. Qc5 Rfe8 27. g4 Bg6 28. f5 Bh7 29. Qxe7 Rxe7 30. Rd1 Rxd1 31. Rxd1 g6 32. Ne4 Kg7 33. Ng3 Nc4 34. Nc5 gxf5 35. gxf5 Ne3 36. Rd7 Kf8 37. Rd8+ Kg7 38. Be4 1-0